00410nam a2200169Ia 4500008004000000020001800040082001500058100002300073245003800096250000500134260003800139300001300177650001300190650001400203650001500217650000800232210210b2000 xxu||||| |||| 00| 0 eng d a0 333 74856 5 a658.8 BAKM aBAKER (Michael J). aMarketing strategy and management a aLondonbMacmillan Press Ltdc2000 axxvi,542 astrategy aMarketing amanagement aand